লোডিং...

Organization development and change

গ্রন্থ-পঞ্জীর বিবরন
প্রধান লেখক: Cummings, Thomas G.
অন্যান্য লেখক: Worley, Christopher G.
বিন্যাস: Printed Book
ভাষা:English
প্রকাশিত: Singapore Thomson 2002
সংস্করন:7th ed.
বিষয়গুলি:
LEADER 00730nam a2200253 a 4500
001 adlib96000001
003 ViArRB
005 20151026132114.0
008 960221s1955 dcuabcdjdbkoqu001 0deng d
020 |a 9812431071 
022
040 |a Adlib 
082 |a 65.014.1 
245 |a Organization development and change 
250 |a 7th ed. 
260 |a Singapore  |b Thomson  |c 2002 
300 |a xxii, 706p. 
500 |a   
100 |a Cummings, Thomas G. 
700 |a Worley, Christopher G. 
942 |c BK  |6 _ 
653 |a Organizational change  |a Organization Development. 
999 |c 41789  |d 41789 
952 |0 0  |1 0  |4 0  |6 650141_CUM  |7 0  |9 53820  |a UL  |b UL  |d 2010-06-16  |l 7  |o 65.014.1 CUM  |p 00052849  |r 2013-12-27  |s 2013-11-27  |w 2010-06-16  |y BK